| 000 | 00915nam a2200253 i 4500 | ||
|---|---|---|---|
| 001 | 104876 | ||
| 003 | ES-MaACL | ||
| 005 | 20250824035313.0 | ||
| 007 | t| | ||
| 008 | 060518s1905 fr ||||1| fre d | ||
| 080 | _a725.822.036(443.61 P.)"18" | ||
| 080 | _a792(443.61 P.) | ||
| 100 | 1 |
_aBeaulieu, Henri. _926819 |
|
| 245 | 1 | 4 |
_aLes théâtres du boulevard du crime _b: cabinets galants, cabarets, théatres, cirques, bateleurs. De Nicolet Déjazet (1752-1862) / _cHenri Beaulieu. |
| 260 |
_aParis : _bH. Daragon, _c1905. |
||
| 300 |
_a180 p., [1] h. pleg. de map. : _bil. ; _c23 cm. |
||
| 490 | 1 | _aBibliothèque du vieux Paris | |
| 500 | _aBiblioteca Jacinto Martínez Lacalle. | ||
| 650 | 1 | 4 |
_aTeatros- _zParís- _yS.XIX. _917397 |
| 650 | 1 | 4 |
_aTeatro- _zParís _917316 |
| 830 | 0 |
_aBibliothèque du vieux Paris _9232657 |
|
| 852 |
_aES-MaACL _jE-11216 _bR.138928 |
||
| 999 |
_c104876 _d104876 |
||